ბათუმის შოთა რუსთაველის სახელმწიფო უნივერსიტეტის ბიბლიოთეკა

ბოტანიკური ლექსიკონი : (ბიბ.ჩანაწერი № 57361)

000 -ლიდერი
ფიქსირებული სიგრძის საკონტროლო ველი 01197nam a22002297a 4500
003 - საკონტროლო ნომრის იდენტიფიკატორი
საკონტროლო ველი Ge_BSU
005 - ბოლო ოპერაციის თარიღი და დრო
საკონტროლო ველი 20200603124600.0
008 - ფიქსირებული სიგრძის მონაცემთა ელემენტები - ზოგადი ინფორმაცია
ფიქსირებული სიგრძის საკონტროლო ველი 200603s1991ge xxu||||| |||| 00| 0 geo d
041 ## - ენის კოდი
Language code of text/sound track or separate title geo
080 ## - უნივერსალური ათობითი კლასიფიკაციის ინდექსი
Universal Decimal Classification number 58(038) + 811.353.1'373.221 მ-41
100 ## - მთავარი ჩანაწერი - პიროვნების სახელი
Personal name მაყაშვილი, ალექსანდრე.
9 (RLIN) 8286
245 ## - ცნობა სათაურის შესახებ
Title ბოტანიკური ლექსიკონი :
Remainder of title მცენარეთა სახელწოდებანი /
Statement of responsibility, etc ალექსანდრე მაყაშვილი.
250 ## - გამოცემის ცნობა
Edition statement მე-3 გამოცემა აღდგენილია ოფსეტური წესით
264 ## - წარმოების, გამოცემის, დისტრიბუციის და სხვა ცნობები
გამოცემის, წარმოების, დისტრიბუციის... ადგილი თბილისი
გამოცემის, წარმოების, დისტრიბუციის... სახელწოდება მეცნიერება,
გამოცემის, წარმოების, დისტრიბუციის... თარიღი 1991.
300 ## - ფიზიკური აღწერა
Extent 248 გვ. ;
Dimensions 20 სმ.
504 ## - BIBLIOGRAPHY, ETC. NOTE
Bibliography, etc ბიბლიოგრ.: გვ. 245.
546 ## - LANGUAGE NOTE
Language note პარალ. თავფ. რუს. და ლათ. ენ
653 ## - INDEX TERM--UNCONTROLLED
Uncontrolled term ბოტანიკური ლექსიკონი
653 ## - INDEX TERM--UNCONTROLLED
Uncontrolled term ბოტანიკა
710 ## - ADDED ENTRY--CORPORATE NAME
Relator code საქ. მეცნ. აკად., ნ. კეცხოველის სახ. ბოტანიკის ინ-ტი.
942 ## - ADDED ENTRY ELEMENTS (KOHA)
Source of classification or shelving scheme
Koha item type წიგნი
ეგზემპლარები
ჩამოწერის სტატუსი დაკარგული ეგზემპლარის სტატუსი კლასიფიკაციის წყარო ან თაროზე გაწყობის სქემა დაზიანების სტატუსი არ გაიცემა მუდმივი მდებარეობა (დაცვის ადგილი) ამჟამინდელი ადგილსამყოფელი თაროზე განთავსების ადგილი შეძენის თარიღი ღირებულება, შესყიდვის ნორმალური ფასი სრული შენახვის შიფრი შტრიხკოდი ბოლო ოპერაციის თარიღი ეგზემპლარის მიმდევრობითი ნომერი (კეტერი?) ფასის ძალაში შესვლის თარიღი ეგზემპლარის სახეობა საჯარო შენიშვნა
          ბათუმის შოთა რუსთაველის სახელმწიფო უნივერსიტეტის მთავარი ბიბლიოთეკა აგრარული და მემბრანული ტექნოლოგიების ინსტიტუტის ბიბლიოთეკა წიგნსაცავი 2020-06-03 10.00 58(038) + 811.353.1'373.221 მ-41 60565 2020-06-03 60565 2020-06-03 წიგნი 10.00
          ბათუმის შოთა რუსთაველის სახელმწიფო უნივერსიტეტის მთავარი ბიბლიოთეკა ბათუმის შოთა რუსთაველის სახელმწიფო უნივერსიტეტის მთავარი ბიბლიოთეკა წიგნსაცავი 2021-04-07 7.00 58(038) +811.353.1'373.221 მ-41 29226 2021-04-07 29226 2021-04-07 წიგნი 7 ლ.